| 000 | 00418nam a22001457a 4500 | ||
|---|---|---|---|
| 003 | SGT | ||
| 020 | _a9780323354479 | ||
| 082 |
_a617.695 _bC15D |
||
| 100 | _a Daniel Perez | ||
| 245 | _aContemporary Management of Temporomandibular Joint Disorders | ||
| 260 |
_aPhiladelphia, United States _bElsevier - Health Sciences Division _c2015 |
||
| 300 | _a1-173 | ||
| 650 | _aOral and Maxillofacial Surgery | ||
| 942 |
_2ddc _cBK |
||
| 999 |
_c18329 _d18329 |
||